Game of Thrones Charaktere - Sudden Death - Statistiken

Allgemein
  • Dieses Quiz wurde 887 mal gespielt
    866 seit der letzten Aktualisierung
  • Das Durchschnittsergebnis liegt bei 10 aus 15
Answers on the Grid
Answers color-coded by a green-red scale on the quiz's grid according to % correct below.
Jon Schnee
Daenerys Targaryen
Robert Baratheon
Xaro Xhoan Daxos
Petyr Baelish
Tyrion Lennister
Theon Graufreud
Melisandre
Selyse Florent
Davos Seewert
Walder Frey
Loras Tyrell
Eddard Stark
Sandor Clegane
Pyat Pree
Roran Hammerfaust
Der Unglaubliche Rodario
Arista Montrose
Rubeus Hagrid
Leif Eriksson
Meriadoc Brandybock
Thorin Eichenschild
Will Turner
Sir Lamorak
Sir Cadogan
Lord John Grey
Mary Stuart
Caitlyn Kiramman
 
Antwortstatistiken
Antwort % Korrekt
Jon Schnee
83%
Eddard Stark
81%
Tyrion Lennister
80%
Daenerys Targaryen
79%
Robert Baratheon
79%
Theon Graufreud
76%
Loras Tyrell
75%
Petyr Baelish
75%
Walder Frey
73%
Sandor Clegane
70%
Melisandre
69%
Davos Seewert
63%
Xaro Xhoan Daxos
41%
Selyse Florent
25%
Pyat Pree
18%
Keine übereinstimmenden Quizze gefunden
Verteilung der Resultate
Anzahl Personen mit jedem Resultat
Perzentil nach korrekt beantworteten Fragen
Ihre Resultats-Entwicklung
Sie haben dieses Quiz seit der letzten Aktualisierung nicht gespielt